000 00455nam a22001817a 4500
003 MPLRDC
005 20220104123626.0
008 210129b ||||| |||| 00| 0 eng d
082 _a820.7 SGY
100 _a上官予
245 _a文学天地人
_c
250 _a初版
260 _a
_b黎明文化事业公司
_c1981
300 _b
490 _a文学理论丛书. 2
650 _a中国文学总论--杂文, 演讲
942 _cBK
_o820.7 SGY
999 _c12901
_d12891